Managing reality (Record no. 115869)

MARC details
000 -LEADER
fixed length control field 00946cam a22002295a 4500
001 - CONTROL NUMBER
control field L159403
008 - FIXED-LENGTH DATA ELEMENTS--GENERAL INFORMATION
fixed length control field 170317s2012 xxk f 001 0 eng d
020 ## - INTERNATIONAL STANDARD BOOK NUMBER
International Standard Book Number 9780727757203
035 ## - SYSTEM CONTROL NUMBER
System control number (Sirsi) u159403
041 0# - LANGUAGE CODE
Language code of text/sound track or separate title eng
050 04 - LIBRARY OF CONGRESS CALL NUMBER
-- 18
100 1# - MAIN ENTRY--PERSONAL NAME
Personal name Mitchell, Bronwyn
245 00 - TITLE STATEMENT
Title Managing reality
Remainder of title book 2
-- procuring an engineering and construction contract
260 ## - PUBLICATION, DISTRIBUTION, ETC.
Place of publication, distribution, etc. London
Name of publisher, distributor, etc. ICE Publishing
Date of publication, distribution, etc. 2012
300 ## - PHYSICAL DESCRIPTION
Extent xix, 149p.
Dimensions 30cm.
490 #0 - SERIES STATEMENT
Series statement Managing Reality
Volume/sequential designation 2
520 ## - SUMMARY, ETC.
Summary, etc. Second of a five part volume on managing the Engineering and Construction Contract (ECC) is intended for those who need to know how to procure such a contract. It covers in practical detail the invitations to tender, evaluation of submissions, which option to select, how to complete the Contract Data and how to prepare the Works Information.
651 #4 - SUBJECT ADDED ENTRY--GEOGRAPHIC NAME
Geographic name United Kingdom
Chronological subdivision
690 ## - LOCAL SUBJECT ADDED ENTRY--TOPICAL TERM (OCLC, RLIN)
Topical term or geographic name as entry element Contracts
9 (RLIN) 6232
700 1# - ADDED ENTRY--PERSONAL NAME
Personal name Trebes, Barry
942 ## - ADDED ENTRY ELEMENTS (KOHA)
Suppress in OPAC 0
Holdings
Withdrawn status Lost status Source of classification or shelving scheme Damaged status Not for loan Home library Current library Shelving location Date acquired Total Checkouts Full call number Barcode Date last seen Copy number Price effective from Koha item type
    Dewey Decimal Classification     London London Basement 16/03/2017   BASEMENT 30079055 06/08/2019 1 06/08/2019 Book